00399 2200157 4500001002100000005001500021035002000036245004900056100001700105300002800122260003500150082000800185084001400193020002200207990001200229INLIS00000000000171020250502092829 a0010-05250000021 aMisteri Leak Yang Menakutkan /cRasyid Akbar0 aRasyid Akbar a112 hlm ;c14 x 20,5 cm aJakarta :bZikrul Hakim,c2010 a813 a813 RAS m a978-979-063-599-9 a0754627